Spanish-language authors - Country - Statistics

General Stats
  • This quiz has been taken 37 times
    25 since last reset
  • The average score is 8 of 22
Answer Stats
Hint Answer % Correct
Gabriel Garcia Márquez Colombia
75%
Miguel de Cervantes Spain
75%
Jorge Luis Borges Argentina
58%
Isabel Allende Chile
58%
Mario Vargas Llosa Peru
58%
Federico Garcia Lorca Spain
58%
Júlio Cortázar Argentina
50%
Pablo Neruda Chile
42%
Adolfo Bioy Casares Argentina
33%
Gabriela Mistral Chile
33%
Carlos Fuentes Mexico
33%
Rubén Darío Nicaragua
33%
Carlos Ruiz Zafon Spain
33%
Camilo José Cela Spain
33%
Edmundo Paz Soldán Bolivia
25%
Roberto Bolaño Chile
25%
Miguel Angel Asturias Guatemala
25%
Octavio Paz Mexico
25%
Laura Esquivel Mexico
17%
César Vallejo Peru
17%
Javier Marías Spain
17%
Luis Sepúlveda Chile
8%
No matching quizzes found
Score Distribution
Percent of People with Each Score
Percentile by Number Answered
Your Score History
You have not taken this quiz since the last reset